On writing : A process reader
Organized around different aspects of the writing process, these selections--by published authors, students, and instructors--illuminate the art and the craft of writing.
Shranjeno v:
| Glavni avtor: | |
|---|---|
| Format: | Knjiga |
| Jezik: | Undetermined |
| Izdano: |
Boston, MA
McGraw-Hill
2004
|
| Teme: | |
| Oznake: |
Označite
Brez oznak, prvi označite!
|
| Thư viện lưu trữ: | Trung tâm Học liệu Trường Đại học Cần Thơ |
|---|
| LEADER | 00750nam a2200229Ia 4500 | ||
|---|---|---|---|
| 001 | CTU_126401 | ||
| 008 | 210402s9999 xx 000 0 und d | ||
| 020 | |c 45.34 | ||
| 082 | |a 808.0427 | ||
| 082 | |b B622 | ||
| 100 | |a Bishop, Wendy | ||
| 245 | 0 | |a On writing : | |
| 245 | 2 | |b A process reader | |
| 245 | 0 | |c Wendy Bishop | |
| 260 | |a Boston, MA | ||
| 260 | |b McGraw-Hill | ||
| 260 | |c 2004 | ||
| 520 | |a Organized around different aspects of the writing process, these selections--by published authors, students, and instructors--illuminate the art and the craft of writing. | ||
| 650 | |a English language,College readers.,Report writing. | ||
| 650 | |x Rhetoric. | ||
| 904 | |i Minh | ||
| 980 | |a Trung tâm Học liệu Trường Đại học Cần Thơ | ||